Budúcnosť Európy - komunikácia, tolerancia, vzájomná akceptácia

Salvato in:
Dettagli Bibliografici
Autore principale: Liďák, Ján
Natura: Capitolo di libro
Lingua:slovacco
Tags: Aggiungi Tag
Nessun Tag, puoi essere il primo ad aggiungerne!!

MARC

LEADER 00000naa$a2200000$$$4500
001 0060527
005 20240502083143.8
041 0 |a slo 
044 |a CZ 
245 1 0 |a Budúcnosť Európy - komunikácia, tolerancia, vzájomná akceptácia  |c Ján Liďák 
100 1 |a Liďák, Ján